000 00435nam a2200181Ia 4500
003 GCL
008 140319s9999 xx 000 0 ara d
040 _aGCL /
_cGCL
082 0 4 _a891.86
_bف ق
100 1 _aف0 كنوز
245 1 0 _aقصص /
_cف0 كنوز
700 1 _aدرينى خشبة
300 _a176 ص
490 _a
650 0 4 _aالقصص القصيرة
650 0 4 _aالادب التشيكى
942 _2ddc
_cBK
999 _c38153
_d38153